BIBLIOTHÈQUE DE LA MAISON DU MEXIQUE

Logo 1 Logo 2

El ángel de mármol (notice nᵒ 5595)

détails MARC
000 -Sello discográfico
campo de control de longitud fija 00769nam0a2200265 4500
005 - Identificación de versión
campo de control 20251016084503.0
010 ## - Número Estándar Internacional de Libros (ISBN)
Número (ISBN) 978-968-834-909-0
035 ## - Otros números de control del sistema
Número de control del sistema 33122
099 ## - fechas locales
Tipo de ítem Koha LIBRO
100 ## - Datos de procesamiento general
Datos de procesamiento general 20111219d2008 m y0spay5003 ba
105 ## - Campo de datos codificados: Material textual, monográfico
Datos codificados de monografía y 001ay
200 1# - Título y mención de responsabilidad
Título propio El ángel de mármol
Designación general del material texto impreso
Otra información del título antología personal
Primer mención de responsabilidad Beatriz Espejo
205 ## - Declaración de edición
Declaración de edición 1a ed
210 ## - Publicación, distribución, etc.
Lugar de publicación, distribución, etc. México
Nombre del editor, distribuidor, etc. Universidad Veracruzana
Fecha de publicación, distribución, etc. 2008
215 ## - Descripción física
Designación de material específico y extensión del ítem 130 p
Dimensiones 21 cm
345 ## - Nota de información de adquisición
Fuente de adquisición/dirección de la suscripción [OBSOLETO] Donación 'Salon du Livre 2009'
410 #1 - Series
Título Ficción
700 ## - Nombre personal - Responsabilidad primaria
Elemento de entrada Espejo
Parte del nombre distinta del elemento de entrada Beatriz
Fechas 1939-
Número Koha 10819
801 #0 - Fuente de origen
País FR
Agencia cm
Reglas de catalogación (convenciones descriptivas) AFNOR
900 ## -
-- 1/21058
942 ## - ELEMENTOS DE ENTRADA SECUNDARIOS (KOHA)
Tipo de ítem Koha Livre
996 ## -
-- MEX
-- 751145101
-- MMAG
-- 001006
-- 863.4 E77AN
-- 20111219LIV
Exemplaires
Estatus retirado Estado de daño Estado de pérdida Fecha de adquisición Biblioteca de origen Biblioteca actual Ubicación en estantería Código de barras Precio de reemplazo Signatura topográfica completa No para préstamo Tipo de ítem Koha Nota pública Nota no pública
      05/08/2025 Casa México Paris Casa México Paris   001006 05/08/2025 863.4 E77AN   Livre 20111219LIV 751145101